A WORLD without AIDS: a symposium on strategies to combat the HIV/AIDS pandemic (Record no. 54554)

000 -LEADER
fixed length control field 00341pab a2200133 454500
008 - FIXED-LENGTH DATA ELEMENTS--GENERAL INFORMATION
fixed length control field 180718b2002 xxu||||| |||| 00| 0 eng d
245 ## - TITLE STATEMENT
Title A WORLD without AIDS: a symposium on strategies to combat the HIV/AIDS pandemic
260 ## - PUBLICATION, DISTRIBUTION, ETC.
Date of publication, distribution, etc. 2002
300 ## - PHYSICAL DESCRIPTION
Extent p.12-53.
362 ## - DATES OF PUBLICATION AND/OR SEQUENTIAL DESIGNATION
Dates of publication and/or sequential designation Dec
650 ## - SUBJECT ADDED ENTRY--TOPICAL TERM
Topical term or geographic name entry element AIDS
773 ## - HOST ITEM ENTRY
Main entry heading Seminar, 520
909 ## -
-- 54554
Holdings
Withdrawn status Lost status Damaged status Not for loan Permanent Location Current Location Date acquired Barcode Date last seen Price effective from Koha item type
        Indian Institute of Public Administration Indian Institute of Public Administration 2018-07-19 AR54999 2018-07-19 2018-07-19 Articles

Powered by Koha